000 00685nam a2200289Ia 4500
005 20260324111927.0
008 008 260324s9999 xx 000 0 eng d
020 _a9781003605171
037 _aEBOOK
040 _aCRL
040 _beng
040 _cCRL
041 _2eng
041 _aeng
084 _qCRL
100 _aFang Mengzhi
_91140589
245 0 _aPragmatic Translation Studies
245 0 _bPrinciples, Strategies, and Techniques
260 _bTaylor and Francis
260 _c2025
365 _a
365 _b230
856 _uhttp://www.taylorfrancis.com/books/9781003605171
942 _cEBOOK
999 _c1729586
_d1729586